Normal view
MARC view
- Mcdonald, Alan T. Pritchard, Philip J Mitchell, John W
Entry Corporate Name
001 - CONTROL NUMBER
- control field: 83871
003 - CONTROL NUMBER IDENTIFIER
- control field: NUST
005 - DATE AND TIME OF LATEST TRANSACTION
- control field: 20211111105703.0
008 - FIXED-LENGTH DATA ELEMENTS
- fixed length control field: 211111|| aca||aabn | a|a d
040 ## - CATALOGING SOURCE
- Original cataloging agency: NUST
- Transcribing agency: NUST
110 ## - HEADING--CORPORATE NAME
- Corporate name or jurisdiction name as entry element: Mcdonald, Alan T. Pritchard, Philip J Mitchell, John W
670 ## - SOURCE DATA FOUND
- Source citation: Work cat.: (NUST): Fox, Robert W. 40687, Fluid Mechanics, 2015.
